| 000 | 00496nam a22001937a 4500 | ||
|---|---|---|---|
| 003 | MPLRDC | ||
| 005 | 20220104124144.0 | ||
| 008 | 210129b ||||| |||| 00| 0 eng d | ||
| 020 | _a957-8983-44-1 | ||
| 082 | _a496.5 SCHI | ||
| 100 | _aDTEPHAN SCHIFFMAN | ||
| 245 |
_a成败之间 _c宫如玉译 |
||
| 250 | _a初版 | ||
| 260 |
_a _b允晨文化出版 _c1994 |
||
| 300 | _b平 | ||
| 490 | _a允晨文化. 经营行销. 17 | ||
| 650 | _a推销策略; 贩卖术 | ||
| 942 |
_cBK _o496.5 SCHI |
||
| 999 |
_c17075 _d17065 |
||